Logo BPK

Bibliografia Prac Pracowników

Politechniki Koszalińskiej

Elżbieta Kalinowska : (Rekord nr 9851)

Szczegóły MARC
000 -ETYKIETA REKORDU
podpole kontrolne o stałej długości 01173cam a2200277 i 4500
001 - NUMER KONTROLNY REKORDU
podpole kontrolne 9851
003 - IDENTYFIKATOR NUMERU KONTROLNEGO REKORDU
podpole kontrolne KOSZ 005
005 - DATA OSTATNIEJ MODYFIKACJI REKORDU
podpole kontrolne 20180411092216.0
008 - POLE O STAŁEJ DŁUGOŚCI - DANE KONTROLNE
podpole kontrolne o stałej długości 080808s2007 pl a |000 0 pol d
040 ## - ŹRÓDŁO KATALOGOWANIA
Instytucja, która utworzyła rekord BPK
Instytucja, która dokonała modyfikacji KOSZ 005/EG
041 0# - KOD JĘZYKA
Kod języka tekstu pol
080 ## - UNIWERSALNA KLASYFIKACJA DZIESIĘTNA - UKD
UKD 7.071(438)"19/20"
080 ## - UNIWERSALNA KLASYFIKACJA DZIESIĘTNA - UKD
UKD (084.1)
100 1# - NAZWA OSOBOWA
Nazwa osobowa KALINOWSKA - MOTKOWICZ, Elżbieta
Instytucja Politechnika Koszalińska - Instytut Wzornictwa
245 10 - TYTUŁ/ODPOWIEDZIALNOŚĆ
Tytuł Elżbieta Kalinowska :
Ciąg dalszy tytułu znak i przestrzeń : 1979-2007 /
Pozostałe elementy strefy tytułu i oznaczenia odpowiedzialności Elżbieta Kalinowska.
246 3# - WARIANT TYTUŁU
Tytuł Znak i przestrzeń
260 ## - STREFA ADRESU WYDAWNICZEGO
Miejsce wydania Koszalin :
Nazwa wydawcy/dystrybutora Wydaw. Uczelniane Politechniki Koszalińskiej,
Data publikacji, dystrybucji/powstania dokumentu 2007.
300 ## - STREFA OPISU FIZYCZNEGO
Objętość 107, [1] s. :
Inne cechy fizyczne il. (w tym kolor.) ;
Rozmiary 32 cm.
490 1# - STREFA SERII I DOKUMENTU WIELOCZĘŚCIOWEGO - FORMA NIE DO WYSZUKIWANIA
Tytuł i oznaczenie odpowiedzialności serii Monografia / Instytut Wzornictwa
500 ## - UWAGI OGÓLNE
Tekst uwagi ISSN 0239-7129 oraz nr 144 kontynuuje numerację serii pierwotnej: Monografie - Wyższa Szkoła Inżynierska w Koszalinie.
650 #0 - HASŁO PRZEDMIOTOWE W FORMIE NAZWY OGÓLNEJ LUB JEDNOSTKOWEJ
Nazwa ogólna lub geograficzna Sztuka polska.
655 #0 - TERMIN INDEKSOWY - OKREŚLENIE RODZAJU/FORMY DOKUMENTU
Określnie rodzaju/formy dokumentu Album.
856 ## - LOKALIZACJA I DOSTĘP DO ELEKTRONICZNYCH DOKUMENTÓW ZDALNYCH
Link (URL) http://koha.tu.koszalin.pl/cgi-bin/koha/opac-detail.pl?biblionumber=55404
Tekst linku Katalog online BPK
856 ## - LOKALIZACJA I DOSTĘP DO ELEKTRONICZNYCH DOKUMENTÓW ZDALNYCH
Link (URL) http://dlibra.tu.koszalin.pl/dlibra/docmetadata?id=651&from=&dirids=1&ver_id=&lp=1&QI=
Tekst linku Biblioteka Cyfrowa
942 ## - HASŁO DODATKOWE - ELEMENTY(KOHA)
Typ dokumentu Książka
Schemat klasyfikacji Uniwersalna klasyfikacja dziesiętna

Brak dostępnych egzemplarzy.

© 2014 Biblioteka Politechniki Koszalińskiej :: BIBLIOGRAFIA PRAC PRACOWNIKÓW